| 000 | 00578nam a2200181Ia 4500 | ||
|---|---|---|---|
| 005 | 20260429112233.0 | ||
| 008 | 260429s9999||||xx |||||||||||||| ||und|| | ||
| 020 | _a9788197336867 | ||
| 041 | _aHindi | ||
| 082 |
_a891.433 _bSAN |
||
| 100 | _aसांकृत्यायन, राहुल | ||
| 245 | 0 |
_aबाइसवीं सदी / _cराहुल सांकृत्यायन |
|
| 250 | _a1st ed. | ||
| 260 |
_aनई दिल्ली : _bप्रकाशन संस्थान, _c2025. |
||
| 300 | _a112 p.; Hb | ||
| 650 | _aNovel | ||
| 942 | _cTB | ||
| 999 |
_c53050 _d53050 |
||